THE IMPOSSIBLE POKEMON QUIZ! - Statistics

General Stats
  • This quiz has been taken 1,452 times
    1,450 since last reset
  • The average score is 7 of 9
Answer Stats
questions. Answer. % Correct
how many Pokemon were released in kanto? 151
96%
what Pokemon is not a dragon type a.flygon b.dragonite c.krookadile d.druddigon? c
92%
what move does not do a certain amount of damage a.grass knot b.tackle c.false swipe? a
89%
which one of these has not got wings a.pigdeot b.tornadus c.archen? b
88%
what Pokemon represents a key-ring? klefki
79%
what Pokemon looks like a tree? trevanant, bonsly, sudowoodo.
76%
what legendary sings? meloetta
72%
what is the heaviest Pokemon? groudon
55%
name vikavolts ability? levitate
44%
No matching quizzes found
Score Distribution
Percent of People with Each Score
Percentile by Number Answered
Your Score History
You have not taken this quiz since the last reset